| 000 | 00599nam a2200145Ia 4500 | ||
|---|---|---|---|
| 008 | 231129s2002||||xx |||||||||||||| ||spa|| | ||
| 020 | _a958-8181-01-1 | ||
| 040 | _bspa | ||
| 082 | _a986.105 H565or | ||
| 100 | _aHerrera íngel Marta | ||
| 245 | 0 | _aOrdenar para controlar : ordenamiento espacial y control político en las llanuras del Caribe y en los Andes Centrales Neogranadinos. Siglo XVIII | |
| 260 | _c2002 | ||
| 264 | _aBogotá Colombia : Academia Colombiana de la Historia Instituto Colombiano de Antropología e Historia | ||
| 942 |
_2ddc _cBKS |
||
| 999 |
_c22148 _d22148 |
||